BIBLIOTECA

SENCICO
Vista normal Vista MARC

Entrada Nombre personal

Número de registros utilizados en: 8

001 - CONTROL NUMBER

  • control field: 15

003 - CONTROL NUMBER IDENTIFIER

  • control field: PE SENCICO BE

005 - DATE AND TIME OF LATEST TRANSACTION

  • control field: 20251111172949.0

008 - FIXED-LENGTH DATA ELEMENTS

  • fixed length control field: 251111|| aca||aabn | a|a d

040 ## - CATALOGING SOURCE

  • Original cataloging agency: PE SENCICO BE

100 ## - ENCABEZADO--NOMBRE PERSONAL

  • Nombre personal: Garcia Ríos, Cristina